La noche del oceáno y otros escritos inéditos

Saved in:
Bibliographic Details
Main Author: Lovecraft, Howard Phillips (autor)
Format: Book
Language:Spanish
Published: Madrid Edaf 1991
Subjects:
Tags: Add Tag
No Tags, Be the first to tag this record!

MARC

LEADER 00000nam a2200000 a 4500
001 UCH7953
003 CL-VaPUC
008 091127e19910000SP |||||||||||||||||spa|d
020 |a 8476404778 
082 0 4 |a 813  |b LOV  |2 21 
100 |a Lovecraft, Howard Phillips  |e autor  |9 451640 
245 1 3 |a La noche del oceáno y otros escritos inéditos 
300 |a 176 p 
942 |c BK 
945 |d 20091127 00:00:00  |a lazolas 
260 |a Madrid  |b Edaf  |c 1991 
650 0 |a Literatura estadounidense  |9 317168 
583 |a last modification  |c 20091127 00:00:00  |k Rodrigo Vera 
999 |c 338247  |d 338245